Países con más runners - Estadísticas

Estadísticas generales
  • Esta prueba ha sido intentada 54 veces
  • La puntuación promedio es 18 de 23
Estadísticas de respuestas
% Población total País % Correcto
10,90% España
98%
20,59% Francia
98%
20,28% Alemania
95%
15% EEUU
95%
27% Canadá
91%
5,08% Italia
91%
11,53% Australia
84%
11,10% Bélgica
84%
9,25% Reino Unido
84%
6,03% Brasil
81%
16,47% México
81%
11,29% Países Bajos
81%
10,60% Portugal
81%
7,97% Suiza
74%
21,24% China
72%
8,47% Japón
72%
40% Suecia
72%
19,90% Austria
67%
58,60% Dinamarca
67%
16% Irlanda
67%
6,50% Chile
58%
6,55% Colombia
53%
19,36% Corea del Sur
49%
No se encontraron pruebas coincidentes
Distribución de puntuación
Porcentaje de gente con cada puntuación
Porcentaje por número respondido
Historial de tus puntuaciones
No has intentado esta prueba.